ARRUPE JESUIT UNIVERSITY

CORONAVIRUS -STOP THE SPREAD - CLEAN,DISINFECT,COVER

The lonely African, (Record no. 131670)

MARC details
000 -LEADER
fixed length control field 00375nam a22001337a 4500
008 - FIXED-LENGTH DATA ELEMENTS--GENERAL INFORMATION
fixed length control field 230314b |||||||| |||| 00| 0 eng d
020 ## - INTERNATIONAL STANDARD BOOK NUMBER
International Standard Book Number 671200690.
050 ## - LIBRARY OF CONGRESS CALL NUMBER
Classification number DT647.T8 1962
100 ## - MAIN ENTRY--PERSONAL NAME
Personal name Tunbull,M Colin
9 (RLIN) 52229
245 ## - TITLE STATEMENT
Title The lonely African,
Statement of responsibility, etc Colin M.Turnbull.
260 ## - PUBLICATION, DISTRIBUTION, ETC. (IMPRINT)
Place of publication, distribution, etc New York:
Name of publisher, distributor, etc Simon and Schuster,
Date of publication, distribution, etc 1962.
300 ## - PHYSICAL DESCRIPTION
Extent 251p;
Dimensions 22cm.
942 ## - ADDED ENTRY ELEMENTS (KOHA)
Source of classification or shelving scheme Library of Congress Classification
Item type Monograph ( Printed materials)
Holdings
Withdrawn status Lost status Source of classification or shelving scheme Damaged status Not for loan Home library Current library Shelving location Date acquired Total Checkouts Full call number Barcode Date last seen Price effective from Koha item type
    Library of Congress Classification     ARRUPE LIBRARY ARRUPE LIBRARY Main Collection 14/03/2023   DT647.T8 1962 46600007844 14/03/2023 14/03/2023 Monograph ( Printed materials)

 

Arrupe Library. PO Box MP320 Mt Pleasant, Harare, Zimbabwe
263 242 745411|librarian@aju.ac.zw